• 首页
  • 本馆介绍
  • 公告通知
  • 最新文献
  • 馆藏检索
  • 电子资源
  • 读者导购
  • 参考咨询
  • 我的图书馆
  • 登录
  • 详细信息显示
  • 放入我的书架
  • 预约/预借图书
  • 作者相关作品
  • 分类相关作品
  • 丛书相关作品
  • 出版社相关作品

书目信息

  • 表格格式
  • 工作单格式
  • 卡片格式
题名:
世界城市 文化力量
    
 
作者: 牛继舜 编著
分册:  
出版信息: 北京   经济日报出版社  2012.12
页数: 207页
开本: 24cm
丛书名: 经济学学术前沿书系
单 册:
中图分类: G112
科图分类:
主题词: 城市--文化--研究--世界 , 城市 , 文化
电子资源:
ISBN: 978-7-80257-460-1
000 00867oam2 2200277 450
001 010010107219
005 20130504153510.00
010    @a978-7-80257-460-1@dCNY38.00
100    @a20121127d2012 em y0chiy50 ea
101 0  @achi
102    @aCN@b110000
105    @aak z 000yy
106    @ar
200 1  @a世界城市 文化力量@9shi jie cheng shi wen hua li liang@f牛继舜等编著
210    @a北京@c经济日报出版社@d2012.12
215    @a207页@c图@d24cm
225 2  @a经济学学术前沿书系
330    @a本书主要内容包括:世界城市理论体系及评估指标;文化创意产业理论体系;城市文化软实力理论体系;英国伦敦;美国纽约等。
461  0 @12001 @a经济学学术前沿书系
606 0  @a城市@x文化@x研究@y世界
606 0  @a城市
606 0  @a文化
690    @aG112@v5
701  0 @a牛继舜@9niu ji shun@4编著
801  0 @aCN@bRENTIAN@c20121127
905    @b543118-22@dG112@e19@f5
    
    世界城市 文化力量/牛继舜等编著.-北京:经济日报出版社,2012.12
    207页:图;24cm.-(经济学学术前沿书系)
    
    
    ISBN 978-7-80257-460-1:CNY38.00
    本书主要内容包括:世界城市理论体系及评估指标;文化创意产业理论体系;城市文化软实力理论体系;英国伦敦;美国纽约等。
●
相关链接 在E读中查询图书 在五车中查询图书 在当当中查询图书 在豆瓣中查询图书


正题名:世界城市 文化力量     索取号:G112/19         预约/预借

序号 登录号 条形码 馆藏地/架位号 状态 备注
1 543118   205431184   第一样本阅览室/ [索取号:G112/19] 在馆    
2 543119   205431193   第四借阅区/ [索取号:G112/19] 在馆    
3 543120   205431200   第四借阅区/ [索取号:G112/19] 在馆    
4 543121   205431219   密集书库-文学院/ [索取号:G112/19] 在馆    
5 543122   205431228   第四借阅区/ [索取号:G112/19] 在馆    
唐山师范学院图书馆 欢迎您!
大连网信软件有限公司© 版权所有